000 00878nam a2200241 i 4500
001 56526
003 ES-MaACL
005 20250827235439.0
007 t|
008 031009s1980 sp ||||1| spa d
100 1 _aDilthey, Wilhelm.
_944818
245 1 0 _aIntroducción a las ciencias del espíritu
_b: ensayo de una fundamentación del estudio de la sociedad y de la historia /
_cWilhelm Dilthey ; versión de Julián Marías ; prólogo de José Ortega y Gasset.
260 _a[Madrid] :
_bAlianza,
_c[1980]
300 _a576 p. ;
_c20 cm.
490 1 _aAlianza universidad
650 0 7 _aHumanidades
_2embne
_913498
650 4 _aHermenéutica.
_913329
700 1 _aMarías, Julián,
_d1914-2005
_976688
700 1 _aOrtega y Gasset, José,
_d1883-1955
_987503
830 0 _aAlianza universidad
_9177276
852 _aES-MaACL
_jL-704
_bR.101097
999 _c56526
_d56526